El hombre de Playa Ancha

Saved in:
Bibliografiske detaljer
Hovedforfatter: León Alvarado, Carlos (autor)
Format: Bog
Sprog:spansk
Udgivet: Viña del Mar Meridiana 1984
Fag:
Tags: Tilføj Tag
Ingen Tags, Vær først til at tagge denne postø!

MARC

LEADER 00000nam a2200000 a 4500
001 UCQ6849
003 CL-VaPUC
008 981023e19840000CL |||||||||||||||||spa|d
082 0 4 |a Ch863  |b LEO  |2 21 
100 |a León Alvarado, Carlos  |e autor  |9 318848 
245 1 3 |a El hombre de Playa Ancha 
300 |a 103 p 
942 |c BK 
945 |d 19981023 00:00:00  |a crobeson 
260 |a Viña del Mar  |b Meridiana  |c 1984 
650 0 |a Prosas chilenas   |9 316104 
650 0 |a Literatura chilena   |9 308278 
583 |a last modification  |c 19981023 00:00:00  |k Rodrigo Vera 
999 |c 276752  |d 276750 
952 |0 0  |1 0  |4 0  |6 CH_863_000000000000000_LEO_1984  |7 0  |8 A  |9 314203  |a BIBEDU  |b BIBEDU  |d 2019-11-20  |i 1484419  |l 1  |o Ch863 LEO 1984  |p 1484419  |r 2024-10-07  |s 2024-10-07  |w 2019-11-20  |y BK  |k LIT 
952 |0 0  |1 0  |4 0  |6 CH_863_000000000000000_LEO_1984  |7 0  |8 A  |9 314204  |a BIBEDU  |b BIBEDU  |d 2019-11-20  |i 1484427  |o Ch863 LEO 1984  |p 1484427  |r 2019-11-20  |w 2019-11-20  |y BK  |k LIT